000 00744cab a2200253 4500
001 ABS57792
008 090401t1997 xxu||||| |||| 00| 0 eng d
035 _a(Sirsi) u81876
041 _aeng
100 _aGoddard, A.
245 _aPursuit of leisure needs attention
260 _c1997
350 _a0
490 _aProperty Week
_v61(3) 17 October 1997, 26(1)
520 _aA brief look at PPG6`s new guidance for leisure parks, which advocates a `sequential approach` to site selection.
650 _aLEISURE PARKS
650 _aPLANNING
650 _aPLANNING POLICY GUIDANCE NOTE SIX
650 _aSEQUENTIAL APPROACH
650 _aSITE SELECTION
690 _aLEISURE AND RECREATION
942 _n0
948 _c04/11/1997
999 _c51628
_d51628